000 00305nam a22001337a 4500
003 SGT
020 _a9781574889208
082 _a820
_bT04B
100 _aBICKSLER, BARBARA A.
245 _aTHE ALL- VOLUNTEER FORCE: 30YEARS OFSERVICE
260 _bBRASSEY'S INC.
_c2004
300 _a384
942 _2ddc
_cBK
999 _c29068
_d29068